UM Logo

Introduction to mass communication: (Record no. 3557)

MARC details
000 -LEADER
fixed length control field 00587nam a22001697a 4500
008 - FIXED-LENGTH DATA ELEMENTS--GENERAL INFORMATION
fixed length control field 160725b xxu||||| |||| 00| 0 eng d
020 ## - INTERNATIONAL STANDARD BOOK NUMBER
International Standard Book Number 0-07-111557-9
082 ## - DEWEY DECIMAL CLASSIFICATION NUMBER
Classification number DC 302.234 B23i 2006
100 ## - MAIN ENTRY--PERSONAL NAME
9 (RLIN) 11841
Personal name Baran, Stanley J.
245 ## - TITLE STATEMENT
Title Introduction to mass communication:
Remainder of title media literacy and culture/
Statement of responsibility, etc. Stanley J. Baran.
250 ## - EDITION STATEMENT
Edition statement Fourth edition.
260 ## - PUBLICATION, DISTRIBUTION, ETC. (IMPRINT)
Place of publication, distribution, etc. Boston:
Name of publisher, distributor, etc. McGraw-Hill,
Date of publication, distribution, etc. c2006.
300 ## - PHYSICAL DESCRIPTION
Extent xxxvi, 523 pages:
Other physical details color illustrations;
Dimensions 28 cm.
500 ## - GENERAL NOTE
General note Includes bibliographical references and index.
650 #0 - SUBJECT ADDED ENTRY--TOPICAL TERM
9 (RLIN) 11842
Topical term or geographic name as entry element Mass communication.
942 ## - ADDED ENTRY ELEMENTS (KOHA)
Source of classification or shelving scheme Dewey Decimal Classification
Koha item type Circulation
Holdings
Withdrawn status Lost status Source of classification or shelving scheme Damaged status Not for loan Collection code Home library Current library Date acquired Source of acquisition Cost, normal purchase price Total Checkouts Full call number Barcode Date last seen Copy number Price effective from Koha item type Date last checked out
    Dewey Decimal Classification     Circulation UM Digos College - LIC UM Digos College - LIC 09/26/2005 Purchased 2995.00   DC 302.234 B23i 2006 18302 05/15/2025 3 07/25/2016 Circulation  
    Dewey Decimal Classification     Circulation UM Digos College - LIC UM Digos College - LIC 09/20/2006 Purchased 495.00 1 DC 302.234 B23i 2006 18638 05/15/2025 1   Circulation 08/24/2016
    Dewey Decimal Classification     Circulation UM Digos College - LIC UM Digos College - LIC 09/20/2006 Purchased 495.00 1 DC 302.234 B23i 2006 18639 05/15/2025 2 07/25/2016 Circulation 09/20/2016
    Dewey Decimal Classification     Circulation UM Digos College - LIC UM Digos College - LIC 06/23/2009 Purchased     DC 302.234 B23i 2006 20230 05/15/2025 4 07/25/2016 Circulation